Recuperación de material reciclable del depertamento de inyección / J‚sus Amauri Ramírez Capistran (Registro nro. 23019)

Detalles MARC
000 -LÍDER
fixed length control field 00560nam a2200133 4500
008 - ELEMENTOS DE LONGITUD FIJA -- INFORMACIÓN GENERAL
fixed length control field 0 2008 0a 000 0mex
050 ## - SIGNATURA TOPOGRAFICA DE LA BIBLIOTECA DEL CONGRESO (LC)
Número de Clasificación T56.42 MR5 R3 2008
082 ## - NUMERO DE CLASIFICACION DECIMAL DEWEY
Número de Clasificación 658.567 R3r
100 ## - ASIENTO PRINCIPAL--NOMBRE PERSONAL
Nombre personal Ramírez Capistran, J‚sus Amauri
245 ## - TÍTULO
Título Recuperación de material reciclable del depertamento de inyección / J‚sus Amauri Ramírez Capistran
300 ## - DESCRIPCIÓN FÍSICA
Extensión 115 p. / 28 cm
502 ## - NOTA DE TESIS
Nota de tesis Memoria de residencia profesional. Opción x. I.T.Z. (Industrial) Ing. Teodoro Arriaga Albarran
650 ## - ASIENTO SECUNDARIO DE MATERIA - TERMINO TEMÁTICO
Término temático o nombre geográfico como elemento de entrada 1. CONTROL DE CALIDAD 2. USO DE DESECHOS PLASTICOS
Existencias
No. biblioteca No. biblioteca Número de clasificación Código de barras/Número de adquisición Número de copia Tipo de material
LUIS G. INCLAN LUIS G. INCLAN 658.567 R3r I149-2008 1 Libros
Calzada Tecnológico # 27, Zacatepec, Morelos.
01(734) 343-07-23 / 343-21-10 / 343-21-11
Apdo. Postal 45 C.P 62780